000 00956nam a2200205 a 4500
008 091020s2008 ||||||||||||||||| || u
050 _aICRISAT(058)
110 _aInternatinal Crops Research Institute for the Semi-Arid Tropics (ICRISAT)
245 1 0 _aICRISAT annual report 2008: innovations for a changing world
260 _aAndra Pradesh
_bInternatinal crops research institute for the semi-arid tropics: Annual report 2007
_c2008
300 _a47p. :ill
350 _a0.00
650 _aSORGHUM--AFRICA, WEST--PERIODICALS
650 _aAGRICULTURE
650 _aARID REGIONS AGRICULTURE--AFRICA, WEST--PERIODICALS
650 _aPEANUTS--AFRICA, CENTRAL--PERIODICALS
650 _aPEARL MILLET--AFRICA, WEST--PERIODICALS
650 _aAGRICULTURE--RESEARCH--PERIODICALS
995 _D0.00
_FCBU-MAIN LIBRARY (Kitwe)
_H1
_I0.00
_M1
_UAVAILABLE
_WOct 20, 2009
_ZInternational Publications
999 _c46098
_d46098